000 00665cam a2200229 4500500
005 20260329004237.0
041 _afre
042 _adc
100 1 0 _aEnjalbert, Cédric
_eauthor
245 0 0 _aJoël Pommerat à l’assaut du “grand Amour”
260 _c2019.
500 _a49
690 _aCélibat
690 _aCouple
690 _aJoël Pommerat
690 _aPlaton
690 _aRuwen Ogien
690 _aThéâtre
690 _aUlrich Beck
786 0 _nPhilosophie magazine | 126 | 2 | 2019-02-01 | p. 56-58 | 1951-1787
856 4 1 _uhttps://shs.cairn.info/magazine-philosophie-magazine-2019-2-page-56?lang=fr&redirect-ssocas=7080
999 _c1832088
_d1832088